| 000 | 00549 a2200217 4500 | ||
|---|---|---|---|
| 005 | 20260430144610.0 | ||
| 008 | 260430b |||||||| |||| 00| 0 eng d | ||
| 020 |
_a9780367690533 _c£ 220.00 |
||
| 040 | _aMAIN | ||
| 082 |
_a809.3876 _bB663N |
||
| 100 | _aButler, Andrew M | ||
| 245 | _aNew routledge companion to science fiction | ||
| 260 |
_bRoutledge _aLondon _c2024 |
||
| 300 | _axx, 515 | ||
| 650 | _aLiterature | ||
| 650 | _aFiction | ||
| 650 | _aScience Fiction | ||
| 700 | _aVint, Sherryl | ||
| 700 | _aBould, Mark | ||
| 942 | _cBK | ||
| 999 |
_c396484 _d396484 |
||